Normal view
MARC view
- Maj Muhammad Rizwan
Entry Personal Name
001 - CONTROL NUMBER
- control field: 51230
003 - CONTROL NUMBER IDENTIFIER
- control field: NUST
005 - DATE AND TIME OF LATEST TRANSACTION
- control field: 20210314134932.0
008 - FIXED-LENGTH DATA ELEMENTS
- fixed length control field: 210314|| aca||aabn | a|a d
040 ## - CATALOGING SOURCE
- Original cataloging agency: NUST
- Transcribing agency: NUST
100 ## - HEADING--PERSONAL NAME
- Personal name: Maj Muhammad Rizwan
670 ## - SOURCE DATA FOUND
- Source citation: Work cat.: (NUST): Muhammad Hamza Khan 51229, Enhancement of Seismic Performance of RC Frame Structure Base Isolators , 2017.
